[Event "Linares zt"]
[Site "Linares"]
[Date "1995.??.??"]
[Round "11"]
[White "Antunes, Antonio"]
[Black "Cacho Reigadas, Sergio"]
[Result "1-0"]
[WhiteElo "2530"]
[BlackElo "2400"]
[Annotator "Dautov,R"]
[PlyCount "121"]
[EventDate "1995.11.??"]
[EventType "swiss"]
[EventRounds "11"]
[EventCountry "ESP"]
[SourceTitle "CBM 051"]
[Source "ChessBase"]
[SourceDate "1996.04.01"]
[SourceVersion "1"]
[SourceVersionDate "1996.04.01"]
[SourceQuality "1"]

1. Nf3 f5 2. d4 Nf6 3. g3 g6 4. Bg2 Bg7 5. O-O O-O 6. c4 d6 7. Nc3 Nc6 8. d5
Ne5 9. Nxe5 dxe5 10. c5 Kh8 11. Qb3 h6 12. Rd1 g5 (12... a6 13. Bd2 Qe8 14. Be1
g5 15. d6 exd6 16. cxd6 c6 17. Na4 Qf7 18. Nc5 e4 19. f3 Nd5 20. fxe4 fxe4 21.
Nxe4 $16 {Van der Sterren,P-Cacho,S/Linares zt (09) ;CBM 51 1995}) 13. Bd2 Rb8
$5 (13... a6 14. Na4 $1 Qe8 15. Ba5 Bd7 16. Nc3 $16 {Aseev,K-Popov,V/St.
Petersburg op (04) 1994}) (13... f4 14. Be1 Bf5 15. Qxb7 Rb8 16. Qxa7 Rxb2 17.
Qa3 Rb8 18. d6 $16 {Ibragimov-Glek/URS/1991}) (13... e4 14. Be1 a6 15. Rac1 Qe8
16. d6 cxd6 17. cxd6 exd6 18. Rxd6 $14) 14. Be1 a6 15. Qa3 (15. Na4 $5 Bd7 16.
Ba5 e4 17. d6 exd6 18. cxd6 Bxa4 19. Qxa4 b6 20. Bb4 c5 21. Bc3 $14) 15... Qe8
16. d6 c6 $1 $13 (16... exd6 17. cxd6 cxd6 18. Rxd6 $14) 17. Na4 Be6 18. Nb6
exd6 19. cxd6 (19. Rxd6 Qf7 20. b3 Ne8 21. Rd2 e4 22. Rad1 e3 23. fxe3 Nf6 24.
Rd3 Qh5 $44 {Ostojic,N-Stamenkovic,Z/Belgrade Trako (10) ;EXP 47 1995}) 19...
Nd7 20. Nxd7 Qxd7 21. Bc3 Rbe8 22. Qc5 e4 23. f3 Bd5 $1 {><d6} (23... exf3 24.
Bxf3 (24. exf3 Bd5 25. Re1 Bxc3 26. bxc3 b5 $13) 24... Bg8 25. e3 $14) 24. fxe4
fxe4 (24... Bxe4 $5 25. Rd2 Bxg2 26. Kxg2 f4 $132) 25. Rf1 Kg8 (25... Rxf1+ 26.
Rxf1 Bxa2 $2 27. b3 $1 Bxb3 28. Bxg7+ Qxg7 29. d7 Rd8 (29... Qxd7 30. Qc3+ Qg7
31. Qxb3 $16) 30. Qb6 Rxd7 31. Qxb3 $16) 26. Rad1 (26. a4 Rd8 27. Bxg7 Qxg7 28.
b4 Rf6 29. Rxf6 Qxf6 $15) 26... Rxf1+ 27. Rxf1 Rf8 $2 (27... Bxa2 $2 28. Bxg7
Qxg7 29. Bh3 $1 g4 (29... Qxb2 30. d7 Rd8 31. Qe7 $16) 30. Qh5 Rd8 $2 31. Qa5
$18) (27... Rd8 $1 {>=} 28. Bxg7 Qxg7 $15 {/\Qb2,/\Qe5,><d6}) 28. Rxf8+ Bxf8 (
28... Kxf8 $2 29. Bh3 $1 Qxh3 30. d7+ $18) 29. Qd4 Qxd6 30. Bxe4 $10 Bxe4 (
30... Qc5 $10) 31. Qxe4 Bg7 32. Qc4+ Kh7 $2 (32... Qd5 33. Qxd5+ cxd5 34. Kf2
$1 d4 $1 (34... Bxc3 $2 35. bxc3 Kf7 36. Ke3 Ke6 37. Kd4 Kd6 38. c4 dxc4 39.
Kxc4 $16) 35. Bd2 g4 $10) 33. Qf7 $1 Qc5+ 34. e3 $1 $16 Qxe3+ 35. Kf1 Qd3+ 36.
Ke1 (36. Kf2 $1) 36... Qe3+ 37. Kd1 $6 Qd3+ (37... Qg1+ 38. Kc2 Qg2+ 39. Kd3
Qd5+ 40. Qxd5 cxd5 41. g4 $1 $16 (41. Bxg7 Kxg7 42. Kd4 Kf6 43. Kxd5 Kf5 $10)
41... Bf8 42. Kd4 Kg6 43. Kxd5 Kf7 $16) 38. Ke1 Qe3+ 39. Kf1 Qd3+ 40. Kf2 Qc2+
(40... Qg6 41. Qxb7 Qc2+ 42. Ke3 Qc1+ 43. Kd3 Qf1+ 44. Kc2 Qg2+ 45. Kb3 Qd5+
46. Ka3 Qc5+ 47. Ka4 Qc4+ 48. Ka5 Qxa2+ 49. Kb6 Qb3+ 50. Kxa6 $16) 41. Ke3 Qc1+
42. Kd3 Qd1+ 43. Kc4 Qd5+ (43... b5+ 44. Kc5) (43... Qa4+ 44. Kc5 Qb5+ 45. Kd6)
44. Qxd5 cxd5+ 45. Kxd5 $18 Bf8 (45... Bxc3 $2 46. bxc3 Kg6 47. Kc5 Kf5 48. Kb6
$18) 46. g4 Kg6 47. Ke6 Bc5 48. a4 h5 49. h3 Be3 50. Bf6 Bc1 51. b3 Bd2 52. Bd8
{/\a5,Kd7-c8} a5 53. Ke5 $1 hxg4 54. hxg4 Kg7 (54... Bc3+ 55. Ke4 Bd2 56. Kd3)
55. Ke4 Kg6 56. Kd3 Be1 57. Kc4 Bd2 58. Kb5 Kf7 59. Bxa5 Be3 60. Bb4 b6 61. Bd6
1-0

[Event "Minsk"]
[Site "Minsk"]
[Date "1996.??.??"]
[Round "8"]
[White "Savchenko, Stanislav"]
[Black "Rustemov, Alexander"]
[Result "1/2-1/2"]
[WhiteElo "2585"]
[BlackElo "2495"]
[Annotator "Dautov,R"]
[PlyCount "113"]
[EventDate "1996.??.??"]
[EventType "tourn"]
[EventRounds "11"]
[EventCountry "BLR"]
[EventCategory "11"]
[SourceTitle "CBM 054"]
[Source "ChessBase"]
[SourceDate "1996.10.01"]
[SourceVersion "1"]
[SourceVersionDate "1996.10.01"]
[SourceQuality "1"]

1. d4 {Johnson,M King} f5 2. c4 Nf6 3. Nf3 g6 4. g3 Bg7 5. Bg2 O-O 6. O-O d6 7.
Nc3 Nc6 8. d5 Na5 (8... Ne5 {Johnson,M} 9. Qb3 Ned7 10. Qc2 a5 11. Bg5 Nc5 12.
Rad1 Bd7 13. Nd4 Qe8 14. Be3 h6 15. Nb3 b6 16. Nd4 Rc8 17. Bc1 Kh7 18. b3 e5
19. dxe6 Bxe6 20. Nxe6 Qxe6 21. Bb2 Nfe4 22. Nxe4 Nxe4 23. Bxg7 Kxg7 24. Rd4
Rce8 25. e3 Rf7 26. Rfd1 h5 27. Re1 {1/2-1/2 Gavrikov,V-Avshalumov,A/Nimes op
(7) 1991}) 9. Qa4 c5 10. dxc6 Nxc6 11. Rd1 Qa5 12. Qb3 Qb4 (12... Kh8 13. Bd2 (
13. Nd5 Ne4 14. Be3 $14) 13... Qb4 (13... Qd8 14. Rac1 $14) 14. Qxb4 Nxb4 15.
Nd4 Na6 16. Nb3 $1 $14) 13. Qxb4 Nxb4 14. Nd4 Rb8 {N} (14... Ng4 $2 15. Rb1 Ne5
16. Bg5 Kf7 17. Ncb5 Bf6 18. Bh6 Rd8 19. Nc7 Rb8 20. a3 Nec6 21. axb4 Nxd4 22.
Be3 $18 {Yusupov,A-Gurevich,M/Linares 1991}) 15. b3 $2 (15. a3 $1 Na6 (15...
Nc6 16. Bxc6 bxc6 17. Nxc6 Rb7 18. Rb1 Be6 (18... Rc7 19. Na5 $16) 19. b3 Rc8
20. Na5 Rb6 21. Bd2 Ra6 22. Nb5 Ne4 23. Be1 $16) 16. Ncb5 (16. Ndb5 Be6 $132)
16... Ra8 17. b4 $1 (17. Bg5 Nc5 18. Nc7 Rb8 19. b4 Nce4 20. Bxe4 fxe4 21. Nde6
Bxe6 22. Nxe6 Rfc8 23. Nxg7 Kxg7 24. Rd4 Rc7 $132) 17... Ne4 18. f3 $1 (18. Be3
Bd7 19. Rac1 Rfc8 $14) 18... Nf6 19. Bg5 h6 (19... Bd7 20. f4 $16 {><a7,b7})
20. Bxf6 Bxf6 21. Rac1 $16 {/\f4,><a7,b7}) 15... Bd7 16. Bb2 a6 17. Rac1 Rfc8
18. e3 Kf7 $10 19. h3 h6 20. Rd2 Nc6 21. Nce2 Ne4 $1 22. Bxe4 fxe4 23. Nxc6 (
23. Kg2 $2 Ne5 {><d3}) 23... bxc6 (23... Rxc6 $5 24. Bxg7 Kxg7 {/\b5}) 24. Bxg7
Kxg7 25. Nc3 (25. Kg2 c5 26. Nc3 Bc6 $15 {/\a5-a4}) 25... Bxh3 26. Nxe4 g5 27.
f4 Bf5 28. Nc3 gxf4 29. exf4 Rg8 30. Kf2 Kf6 31. Re2 Rg6 32. Rh1 Rbg8 33. Re3
e6 34. Ne2 c5 $15 (34... d5 35. cxd5 cxd5 36. Nd4 $10) 35. Nc3 Ke7 36. Nb1 Kd7
37. Nd2 Kc7 38. Rg1 a5 39. Nf3 Rf6 40. Rge1 Bg4 $6 (40... a4 $5 41. bxa4 Ra8
42. Ra3 Ra5 43. Nd2 h5 $44) (40... Rb8 {/\a4} 41. a4 (41. Nh2 h5) 41... Kc6 $15
) 41. Nd2 Rfg6 (41... e5 42. Ne4 Rf7 43. Nc3 $10) 42. Ne4 Bf5 43. Nc3 $10 Kc6
44. Rh1 Bg4 45. Rd3 Rf8 46. Ke1 h5 47. Rh2 Bf5 48. Re3 Rh8 49. Ne4 h4 $1 50.
Ng5 h3 51. Kf2 e5 52. Kf3 exf4 53. gxf4 a4 54. Kg3 (54. bxa4 Ra8 55. Ra3 Rgg8
56. a5 (56. Nxh3 Be6 {><c4}) 56... Rgb8 $44) 54... Rg7 55. Rd2 a3 $6 {King: A
nice trump to have up your sleeve in case the position breaks open.} (55...
axb3 56. axb3 Ra8 57. Kh2 Ra3 58. Nxh3 Rh7 $10) 56. Re1 Rh6 (56... Kd7 $5 {
King  King: With the idea ... Re7. Exchanging rooks is the aim and then ...
Bb1 and ...Bxa2.} 57. Red1 Rh6) 57. Re8 (57. Re8 Kb7 (57... Kd7 58. Ra8) 58.
Kh2 $14) 1/2-1/2

[Event "Sonnevanck 3rd"]
[Site "Wijk aan Zee"]
[Date "1993.??.??"]
[Round "5"]
[White "Blees, Albert"]
[Black "Van Mil, Johan"]
[Result "1/2-1/2"]
[WhiteElo "2415"]
[BlackElo "2435"]
[Annotator "Dautov,R"]
[PlyCount "70"]
[EventDate "1993.??.??"]
[EventType "tourn"]
[EventRounds "9"]
[EventCountry "NED"]
[EventCategory "10"]
[SourceTitle "CBM 040"]
[Source "ChessBase"]
[SourceDate "1994.06.01"]
[SourceVersion "1"]
[SourceVersionDate "1994.06.01"]
[SourceQuality "1"]

1. Nf3 f5 2. d4 Nf6 3. g3 g6 4. Bg2 Bg7 5. O-O O-O 6. c4 d6 7. Nc3 Nc6 8. d5
Na5 9. Qa4 c5 10. dxc6 bxc6 11. Nd4 Bd7 $1 (11... c5 12. Bxa8 $1 cxd4 13. Nb5
Bd7 14. Bg2 a6 15. Bd2 axb5 16. cxb5 Qb8 17. Bxa5 Qxb5 18. Qxb5 Bxb5 19. Rfe1
Ne4 20. a4 Bc4 21. Bb6 d5 22. a5 $16 {Schlosser,Ph-Tseitlin/Budapest/1992}) 12.
Nxc6 {N} (12. Rd1 $6 c5 13. Nc6 Nxc6 14. Bxc6 Rb8 15. Bxd7 Qxd7 16. Qc2 Qe6 17.
b3 Ne4 18. Bb2 Bxc3 19. Bxc3 f4 $15 {Spassov-Marin/Berga/1993}) (12. Nb3 Nxb3
13. axb3 c5 14. Qa3 Rb8 $15) 12... Nxc6 13. Bxc6 Bxc6 (13... Rc8 14. Bb5 $1
Bxb5 15. cxb5 $16) 14. Qxc6 Rc8 15. Qa4 (15. Qa6 Qb6 16. Qxb6 axb6 17. Na4 Rxc4
18. Nxb6 Rb4 19. Be3 Rxb2 $10) 15... Qd7 16. b3 d5 $1 (16... Qxa4 17. Nxa4 d5
18. cxd5 Nxd5 19. Bb2 Bxb2 20. Nxb2 Rc2 21. Nc4 Rxe2 22. Rfe1 Rxe1+ 23. Rxe1
$14) 17. Ba3 dxc4 (17... Qxa4 18. Nxa4 dxc4 19. Bxe7 Rfe8 20. Bxf6 Bxf6 21.
Rae1 cxb3 22. axb3 Rb8 23. Nc5 Rb5 24. Nd7 Bc3 25. Rc1 Rxb3 26. Rxc3 Rxc3 27.
Nf6+ Kf7 28. Nxe8 Kxe8 29. Ra1 Rc7 $10) 18. Qxd7 Nxd7 19. Nd5 Kf7 20. Rac1 (20.
Nxe7 Rce8 21. Nc6 (21. Rad1 Rxe7 22. Bxe7 Kxe7 23. bxc4 Rc8 24. Rc1 $10) 21...
Bxa1 22. Bxf8 Bf6 23. Bb4 cxb3 24. axb3 Rxe2 25. Nxa7 Rb2 26. Rd1 Ne5 $10)
20... cxb3 21. axb3 Rfe8 $10 22. Rfd1 (22. Rxc8 Rxc8 23. Nxe7 Rc2 24. Rd1 Nb6 {
/\Bf8} 25. Nd5 Rxe2 26. Nxb6 axb6 27. Rd7+ Kg8 $10) 22... Nb6 23. Rxc8 Rxc8 24.
Nxb6 axb6 25. Rd7 Bf6 26. Rb7 Ra8 27. Bd6 Ra1+ 28. Kg2 Rb1 29. Bc7 Rxb3 30.
Rxb6 Rc3 31. Rb7 Rc2 32. Kf1 Rc1+ 33. Kg2 Re1 34. e3 Rd1 35. Rb5 Rc1 1/2-1/2

[Event "St Petersburg op"]
[Site "St Petersburg"]
[Date "1994.??.??"]
[Round "4"]
[White "Aseev, Konstantin N"]
[Black "Popov, Valerij"]
[Result "1-0"]
[WhiteElo "2545"]
[BlackElo "2395"]
[Annotator "Dautov,R"]
[PlyCount "79"]
[EventDate "1994.02.??"]
[EventType "swiss"]
[EventRounds "9"]
[EventCountry "RUS"]
[SourceTitle "CBM 041"]
[Source "ChessBase"]
[SourceDate "1994.08.01"]
[SourceVersion "1"]
[SourceVersionDate "1994.08.01"]
[SourceQuality "1"]

1. d4 f5 2. c4 Nf6 3. Nf3 g6 4. g3 Bg7 5. Bg2 O-O 6. O-O d6 7. Nc3 Nc6 8. d5
Ne5 9. Nxe5 dxe5 10. Qb3 Kh8 11. Rd1 h6 12. c5 g5 13. Bd2 a6 (13... f4 14. Be1
Bf5 (14... a6 15. Ne4 $16) 15. Qxb7 Rb8 16. Qxa7 Rxb2 17. Qa3 Rb8 18. d6 $16 {
Ibragimov-Glek/URS/1991}) (13... e4 14. Be1 a6 15. Rac1 Qe8 16. d6 cxd6 17.
cxd6 exd6 18. Rxd6 f4 19. Nd5 $36) 14. Na4 $1 (14. Be1 Qe8 15. d6 cxd6 16. cxd6
e4 17. Na4 exd6 18. Rxd6 f4 19. Nb6 Rb8 20. Nxc8 Qxc8 21. Rad1 Qf5 22. Qb6 h5
23. Bc3 $14 {Stangl-Arkhipov/Kecskemet/1990}) 14... Qe8 (14... e4 15. Ba5 {/\d6
} Qd7 16. d6 exd6 17. cxd6 $16) 15. Ba5 Bd7 16. Nc3 $16 b6 (16... Qc8 17. d6 (
17. c6 bxc6 18. dxc6 Be6 19. Qb7 $16) 17... c6 18. Na4 $16) 17. cxb6 cxb6 18.
Qxb6 e4 {N} (18... Rb8 19. Qc5 $5 (19. Qxa6 Rxb2 20. Rab1 $16) 19... Rxb2 20.
Qa3 Rb5 (20... Rb8 21. Bc7 $16) (20... Rb7 21. d6 $16) 21. Nxb5 Bxb5 22. Bb4
$16 {Tukmakov-Reinderman/Wijk op/1993}) 19. d6 $5 (19. Qc5 Rb8 20. Bb4 Rf7 21.
Rac1 Ng4 22. h3 Ne5 23. b3 $16) 19... Rb8 (19... exd6 20. Qxd6 Be6 21. Rac1 Qf7
22. b3 $16) 20. Qxa6 Rxb2 21. Rab1 Rxb1 (21... Rc2 $2 22. dxe7 Qxe7 23. Bb4 $18
) 22. Rxb1 exd6 23. Qxd6 e3 24. f3 $1 f4 25. Bb6 $5 {/\Bd4} (25. gxf4 $2 gxf4
26. Qxf4 Nd5 27. Qc4 Nf4 $40) (25. Rb7 Qa8 26. Qb6 Rc8 $132) 25... Qg6 $2 (
25... Bf5 $1 {>=} 26. Rb4 Qd7 {/\} 27. Qxd7 Nxd7 28. Bd4 Rc8 29. Bxg7+ Kxg7 30.
Rb3 Be6 31. Ra3 Ne5 $10) 26. Bd4 Qc2 27. Bf1 Rf7 28. Rb7 Qc1 (28... Qf5 29. a4
Be8 30. Rxf7 Bxf7 31. Bh3 $1 Qxh3 32. Bxf6 $18) 29. Bxf6 Bxf6 30. Rxd7 Rxd7 31.
Qxf6+ $18 Kg8 32. Qe6+ Rf7 33. Qg6+ Rg7 34. Qe8+ Kh7 35. Ne4 Qa1 36. Qe6 h5 (
36... Rg6 37. Qf7+ Qg7 38. Qf5 Qa1 39. a4 Kg7 40. a5 $18) 37. Nf6+ Kh6 38. Ng4+
Kh7 39. Qh6+ Kg8 40. Qxh5 1-0

[Event "Bad Ragaz op"]
[Site "Bad Ragaz"]
[Date "1994.??.??"]
[Round "7"]
[White "Bezold, Michael"]
[Black "Glek, Igor Vladimirovich"]
[Result "1-0"]
[WhiteElo "2515"]
[BlackElo "2590"]
[Annotator "Glek,I"]
[PlyCount "51"]
[EventDate "1994.04.??"]
[EventType "swiss"]
[EventRounds "9"]
[EventCountry "SUI"]
[SourceTitle "CBM 042"]
[Source "ChessBase"]
[SourceDate "1994.10.01"]
[SourceVersion "1"]
[SourceVersionDate "1994.10.01"]
[SourceQuality "1"]

1. Nf3 f5 2. g3 Nf6 3. Bg2 g6 4. c4 Bg7 5. Nc3 d6 6. d4 O-O 7. O-O Nc6 8. d5
Na5 9. Qa4 c5 10. dxc6 bxc6 11. c5 $1 dxc5 (11... d5 12. Ne5 $16) 12. Ne5 Be6
$5 (12... Qb6 13. Qc2 $1 Qc7 14. Nd3 $16 {Gelfand,B-Topalov,V/Dos Hermanas/
1994/}) 13. Nxc6 Nxc6 14. Qxc6 Qb6 15. Qxb6 axb6 16. Bxa8 Rxa8 17. Bd2 (17. Rd1
Kf7 $14) 17... Ne8 $1 18. Rfc1 (18. Bf4 $5) 18... Nd6 $44 19. b3 b5 20. Rab1
Bxc3 21. Bxc3 Rxa2 22. Be5 Rxe2 23. Rxc5 Ne4 24. Rxb5 Nd2 (24... Rxf2 $5 $132)
25. Rd1 Bxb3 $4 (25... Nf3+ 26. Kf1 Rxe5 27. Rxe5 Nxe5 28. Re1 Bxb3 29. Rxe5
Kf7 $10) 26. Rxd2 1-0

[Event "Cappelle op 15th"]
[Site "Cappelle la Grande"]
[Date "1999.02.16"]
[Round "5"]
[White "Gurevich, Mikhail"]
[Black "Miton, Kamil"]
[Result "1-0"]
[WhiteElo "2629"]
[BlackElo "2383"]
[Annotator "Gurevich,M/Winants"]
[PlyCount "105"]
[EventDate "1999.02.13"]
[EventType "swiss"]
[EventRounds "9"]
[EventCountry "FRA"]
[SourceTitle "CBM 070"]
[Source "ChessBase"]
[SourceDate "1999.06.08"]
[SourceVersion "1"]
[SourceVersionDate "1999.06.08"]
[SourceQuality "1"]

1. d4 f5 2. c4 Nf6 3. Nc3 g6 4. g3 Bg7 5. Bg2 O-O 6. Nf3 d6 7. O-O Nc6 8. d5
Ne5 9. Nxe5 dxe5 10. c5 h6 11. Qb3 Kh8 12. Rd1 g5 13. Bd2 e4 14. Rac1 (14. Be1
Ng4 15. Nb5 a6 16. Nd4 Qe8 17. f3 Nf6 18. Ba5 c6) 14... Qe8 15. c6 (15. Nb5
Nxd5) 15... b6 (15... bxc6 16. dxc6 Qh5 (16... Qxc6 17. Nxe4) 17. Nd5 Nxd5 (
17... Qxe2 18. Nxc7 Ng4 19. Be1) 18. Qxd5 Qxe2 19. Bc3 Bxc3 20. Rxc3) 16. Nb5
Qd8 17. Bb4 Ne8 (17... a6 18. Nxc7 Qxc7 19. d6 exd6 20. Bxd6 Qf7 21. Bxf8 Qxf8
22. Qxb6) 18. Bc3 Nd6 (18... Nf6 19. Be5) 19. Bxg7+ Kxg7 20. Nd4 Rf6 21. f3 e5
(21... exf3 22. exf3) 22. dxe6 Qe7 (22... Qe8 23. fxe4 fxe4 24. Bh3 Qh5 25. g4
Qh4 26. Nf5+) 23. fxe4 Bxe6 24. Nxe6+ Qxe6 (24... Rxe6 25. exf5 Rxe2 26. Qc3+
Qf6 (26... Kh7 27. f6) 27. Qxf6+ Kxf6 28. Rxd6+ cxd6 29. c7) 25. Qxe6 Rxe6 26.
exf5 Re7 (26... Nxf5 27. Rd7+ Re7 28. g4) (26... Rxe2 27. Rxd6 cxd6 28. c7) 27.
g4 Rae8 28. Bf3 Kf6 29. Rc2 Rd8 30. Rcd2 Re5 31. Rd3 a5 32. Kf2 Rc5 33. Ke1 Re5
34. R1d2 Rc5 35. Kd1 h5 36. h3 h4 37. a3 Re5 38. Kc1 Rc5+ 39. Rc2 Rxc2+ 40.
Kxc2 Re8 41. b4 axb4 42. axb4 Ke5 43. Rd5+ Kf6 (43... Kf4 44. Kd2 Kg3 45. f6)
44. Kc3 Rd8 45. Kd3 Re8 46. Rxd6+ cxd6 47. Kd4 (47. Kc4 Ke5 48. Kb5 d5 49. Kxb6
Kd6) 47... Ke7 (47... Ra8 48. Kd5 Ke7 49. f6+ Kxf6 50. c7 Ke7 51. Kc6) 48. Bd5
Kd8 49. Be6 Kc7 50. Kd5 Rf8 51. b5 Ra8 52. f6 Ra4 53. f7 (53. f7 Rf4 54. Bf5)
1-0

[Event "Pamplona 9798 8th"]
[Site "Pamplona"]
[Date "1998.01.05"]
[Round "9"]
[White "Andersson, Ulf"]
[Black "De la Villa Garcia, Jesus Maria"]
[Result "1-0"]
[WhiteElo "2640"]
[BlackElo "2485"]
[Annotator "Hansen,Cu"]
[PlyCount "85"]
[EventDate "1997.12.28"]
[EventType "tourn"]
[EventRounds "9"]
[EventCountry "ESP"]
[EventCategory "13"]
[SourceTitle "CBM 063"]
[Source "ChessBase"]
[SourceDate "1998.03.26"]
[SourceVersion "1"]
[SourceVersionDate "1998.03.26"]
[SourceQuality "1"]

1. Nf3 {Meulders Tyomkin,D} f5 2. d4 Nf6 3. g3 g6 4. Bg2 Bg7 5. O-O O-O 6. c4
d6 7. Nc3 Nc6 8. d5 Ne5 9. Qb3 {Ulf Andersson is first of all a strong
practical player and the textmove is a practical move. The main idea is to
avoid the type of position that black wanted to get after the theoretical
continuation: Meulders: Wenig erforscht aber trotzdem die wichtigste
Initiative zu 9.Nxe5. Laut der Theorie sollte dieser Zug Schwarz wenig
Schwierigkeiten bereiten.} (9. Nxe5 dxe5) 9... Nxf3+ {Meulders: Alternativen
gibt es viele: 9....Ned7; 9....Nf7; 9...Nh5; 9...Kh8.} 10. Bxf3 (10. exf3 {
Tyomkin,D} e5 11. dxe6 Bxe6 12. Qxb7 (12. f4 Qd7 13. Nd5 $2 (13. Qxb7) 13... c6
14. Ne3 (14. Nxf6+ Bxf6 $15 {[%csl Rc4]}) 14... Rfd8 15. Rd1 Qf7 16. Qc2 d5 $15
{Zair,A-Santo Roman,M/Manila olm 1992/0-1(36)}) 12... Bxc4 13. Rd1 Qd7 14. f4
a5 15. b3 (15. Qxa8 $2 Rxa8 16. Bxa8 c6 {[%csl Ra8][%cal Rd7c8]}) 15... Ba6 (
15... Rab8 16. Qa7 Ne4 17. Nxe4 fxe4 (17... Bxa1 $2 18. Ng5 Bf7 19. Nxf7 Kxf7
20. Ba3 Bf6 21. Rxd6 Qe7 22. Rxf6+ $1 Qxf6 23. Qxc7+ Kg8 24. Bd5+ Kh8 25. Qc1 {
[%cal Ra3b2]} Rbc8 26. Qd2 $18 {Anic,D-Santo Roman,M/Montpellier 1991/1-0(32)})
18. bxc4 Bxa1 19. Bxe4 (19. Qxa5 Qc6) 19... Bc3) 16. Qf3 Ne4 17. Bb2 Rfe8 18.
Rac1 Rab8 (18... Qf7 $5 19. Rc2 Bb7 20. Qd3 Nc5 21. Qc4 Qxc4 22. bxc4 Bxg2 23.
Kxg2 Rab8 $15 {Anic,D-Coupet,P/FRA-chT 1996/1-0(49)}) 19. Rc2 Qf7 20. Na4 Bxb2
{1/2-1/2 Anic,D-Santo Roman,M/Nice 1994}) 10... Nd7 (10... e5 $5 {Tyomkin,D}
11. dxe6 c6 12. Bf4 $13 {[%cal Ga1d1]}) (10... a6 {Meulders} 11. Bg2 Rb8 12. a4
e5 13. dxe6 Bxe6 {Meulders: ist eine mehr umständliche Art um ...e5 durch zu
setzen. Nach} 14. Bg5 h6 15. Bd2 c6 16. a5 Qd7 17. Qb4 Qf7 (17... Rbd8) 18. Bf4
$1 Ne8 19. c5 dxc5 20. Qxc5 Rd8 21. e4 Bd4 22. Qa3 g5 23. Be3 f4 24. Bxd4 f3 $6
(24... Rxd4 $11) 25. Bc5 $1 fxg2 26. Rfd1 Nf6 {hatte Schwarz sich ein wenig
vergallopiert} 27. Bxf8 {1-0 Guevara i Pijoan,J-Larsen,B/Mondariz op 1996/EXT
97 (35)}) 11. Bg2 (11. Qc2 {Tyomkin,D Meulders} Ne5 12. Bg2 Nxc4 13. Nb5 a6 14.
Qxc4 axb5 15. Qxb5 Qd7 (15... b6 16. Re1 Bd7 17. Qd3 Qe8 18. e4 fxe4 19. Qxe4
Qf7 20. f4 Bf6 $11) 16. Qc4 Ra5 17. b4 Bxa1 (17... Ra8 $6 {Estremera Panos,
S-De la Villa Garcia,J/Leon 1997/1-0(45)}) 18. Bh6 (18. bxa5 Bg7 $11) 18...
Rxa2 19. Bxf8 Ra4 20. Bh6 b5 $17) (11. Be3 $5 {Meulders} h6 (11... Kh8 12. Rad1
a6 13. Bg2 Qe8 14. Bd4 Ne5 15. e3 b6 16. f4 Ng4 17. Bxg7+ Kxg7 18. Rde1 Nf6 19.
Qc2 Rb8 20. e4 fxe4 21. Nxe4 Nxe4 22. Qxe4 Bf5 23. Qxe7+ Qxe7 24. Rxe7+ Rf7 25.
Rxf7+ Kxf7 26. Rc1 a5 27. Kf2 Re8 28. Re1 Rxe1 29. Kxe1 Kf6 30. Kd2 Bb1 31. a3
Bf5 32. Ke3 h5 33. Bf1 Bc8 34. h3 Bf5 35. Kf3 Bd7 36. Kg2 {Vasilchenko,
O-Plesek,J/Pardubice op 1992/TD 92\11/1-0 (72)}) 12. Rac1 g5 13. c5 Ne5 14.
cxd6 cxd6 15. Nb5 f4 16. Bd4 Bf5 17. Bxe5 Bxe5 18. g4 Bd7 19. Nc7 Rc8 20. Ne6
Bxe6 21. dxe6 $14 {1-0 Sokalsky,A-Biolek,R/Katowice op 1993/EXT 97 (43)}) 11...
Nc5 12. Qc2 e5 13. dxe6 Bxe6 14. b3 (14. Nd5 $6 {Tyomkin,D} c6 15. Nf4 Bf7 16.
Rb1 a5 17. b3 Qe7 18. Bb2 Bxb2 19. Qxb2 g5 $36 {Hocevar,N-Horvath,J/Zalakaros
op 1996/0-1(45)}) 14... a5 (14... g5 $5 {Meulders}) 15. Be3 c6 {[%csl Rd6,Re6]
At first glance blacks position is quite ok. He has some P-weaknesses but not
more than is usual in this opening or the Kings-indian. However compared to
the kingsindian the P on f5 is the important difference. It weakens blacks
struckture a little bit extra and restricts the whitesquared B. In the
following part of the game it becomes clear that black can only wait. He has
no active play whatsoever. This is the kind of position Andersson plays very
patiently and very well.} (15... g5 $2 {Meulders} 16. Bxc5 dxc5 17. Bxb7 Rb8
18. Rad1 Qf6 19. Bd5 $16) 16. Rad1 Qe7 17. Bd4 {White exchanges blacks best
piece - Bg7. Now Pd6 will be a little bit weaker and the K-position a lot
weaker.} Rad8 18. Bxg7 Qxg7 {[%cal Yf5f4] /\f5-f4<=>} (18... Kxg7 $142 {
Tyomkin,D}) 19. e3 {Meulders: Bg7 ist getauscht und ...f4 ist verhindert. Weiß
hat ein bequemes Plus.} Qe7 (19... g5 {Meulders} 20. f4) (19... Kh8 {Meulders}
20. Rd2 Bg8 21. Rfd1 Qe5 $14 {Meulders: Schwarz hat wenigstens die schwarze
Felder ein bißchen geschützt.}) 20. Rfe1 {White achived permanent advantage
from the opening.Now white doubles rooks and queen on d-file and enters black
hardly to defence. Maybe white would like to play f2-f4 and maybe not. Anyway
it is not a position where tempi play an important role at the moment.} Bc8 21.
h3 Rf6 22. Kh2 Re8 23. Re2 h5 {[%cal Yh5h4] /\h5-h4<=>} 24. h4 Ne4 {Meulders:
Dieser Springer ist die einzige aktive schwarze Figur.} 25. Rd4 Nc5 {Black has
a chance to change knights in this position,which was some achivement for him.}
(25... Nxc3 $142 {Tyomkin,D} 26. Qxc3 Qc7 27. Rd5 $140 Re5) 26. Red2 {White is
beginning to show some interest in the d6-P. It can be protected by black, but
his pieces will have to be placed quite passively.} Rd8 27. Qd1 {Meulders: Ein
Techniker wie Andersson hat sich hier bestimmt sehr gefreut: Schwarz kann
absolut nichts tun während Weiß den Druck stets erhöht.} Kg7 28. a3 $1 {
After black has been tied down, Andersson begins to improve his position on
the queenside. The advance b3-b4 cannot be stopped, so blacks well-placed N
will be pushed back. Meulders: Der Springer muß weg.} Qe5 29. b4 axb4 30. axb4
Na6 (30... Ne6 {Tyomkin,D} 31. R4d3 Nc7 32. f4 Qe6 33. e4 Qxc4 34. e5 $16) 31.
Na2 $6 {Strategically a good move. However whites position was already so good
that he had a tactical solution: Meulders: Deckung von Pb4...} (31. b5 Nb4 (
31... c5 32. bxa6 $1 $16) 32. c5 $1 Qxc5 33. Qb3 {[%csl Rb4]} Nd5 34. Rc4 (34.
Nxd5 {Tyomkin,D} cxd5 35. Rxd5 Qb6 36. Qb4 $16) 34... Qa7 35. Bxd5 cxd5 36.
Nxd5 $18) 31... Nc7 32. Nc1 $1 {Before white tries to improve his position
further with pawnbreaks he places his N on the optimal square: f4 und
Aufmarsch nach f4.} Qe7 33. Ne2 Ne8 34. Nf4 Be6 35. e4 {The best of many good
continations. It is the breakthrough white always wants to achieve playing
white against the dutch. Also strong was:} (35. b5) (35. Ra2) 35... Bf7 {
Meulders: Es drohte e5.} (35... fxe4 {Tyomkin,D} 36. Rxe4 Nc7 37. Rde2 Re8 38.
Bh3 Qf7 39. Qe1 Bxc4 40. Rxe8 (40. Re7 Bxe2 41. Rxf7+ Rxf7 42. Nxe2 Nd5 $16)
40... Bxe2 41. Rxe2 $18) 36. Re2 fxe4 37. Rdxe4 Qf8 38. Qd4 {Meulders: So ging
die Inquisition auch vor.} Kg8 39. Re7 Rb8 40. Bh3 {Meulders: Immer mit der
Ruhe.} b6 (40... b5 {Tyomkin,D} 41. cxb5 cxb5 42. Bd7 {[%csl Rf6]}) 41. b5 c5
42. Qc3 Qg7 43. Nd5 {Complete domination.} 1-0